[Event "RSA-ch U16 Girls"]
[Site "Waterkloof"]
[Date "2015.04.07"]
[Round "5"]
[White "Van de Pypekamp, Marlise"]
[Black "De Koster, Arenda"]
[Result "0-1"]
[WhiteElo "1128"]
[BlackElo "1192"]
[PlyCount "66"]
[EventDate "2015.04.04"]
[EventType "swiss"]
[EventRounds "9"]
[EventCountry "RSA"]
[SourceTitle "CBM 166 Extra"]
[Source "ChessBase"]
[SourceDate "2015.06.18"]
[SourceVersion "1"]
[SourceVersionDate "2015.06.18"]
[SourceQuality "1"]

1. e4 e5 2. Nf3 Nc6 3. Bc4 Bc5 4. d3 Nf6 5. Nc3 d6 6. Bg5 h6 7. Be3 Bxe3 8. fxe3 Qe7 9. Nd5 Nxd5 10. exd5 Na5 11. Bb3 Nxb3 12. axb3 b6 13. e4 0-0 14. h3 Bb7 15. 0-0 f5 16. Qe1 a6 17. Nh4 fxe4 18. dxe4 Rxf1+ 19. Kxf1 Rf8+ 20. Kg1 Qg5 21. Kh1 a5 22. Nf3 Qf4 23. c4 c6 24. Ra4 cxd5 25. cxd5 Bc8 26. Rc4 Bxh3 27. Qh4 Bxg2+ 28. Kxg2 Qxf3+ 29. Kh2 Qe2+ 30. Kh3 Rf3+ 31. Kg4 Qg2+ 32. Kh5 Rh3 33. Qxh3 Qg5# 0-1